000
00308nam a22001337a 4500
008
170419b xxu||||| |||| 00| 0 eng d
020
_a
9780323045278
041
_a
eng
080
_2
2ND
_a
573
100
_a
11
101
_a
SHM
245
_a
HISTOLOGY AND CELL BIOLOGY
_c
KIERSZENBAUM, A.L
942
_2
udc
_c
BK
999
_c
11262
_d
11262